=LDR 00000nam 2200000 4500 =001 INLIS000000000021549 =005 20200806012148 =035 ##$$a 0010-061300000021549 =008 200806################g##########0#ind## =041 ##$$a Ind =082 ##$$a 2x7.3 =090 ##$$a 2x7.3, Ras m =100 1#$$a Rasalan, Abu Abdullah Muhammad Bin Said =245 1#$$a Mencari ilmu dengan metode salafush shalih, Abu Abdullah Muhammad bin Sa'id Bin Rasalam /$c Abu Abdullah Muhammad bin Sa'id Bin Rasalam =260 ##$$a Jakarta :$b Pustaka Panjimas,$c 2001 =300 ##$$a 144 hlm, 21 cm ; $c 14 x 21 cm =650 #4$$a Islam pendidikan =850 ##$$a NBPNMAT =084 ##$$a 2x7.3 RAS m =250 ##$$a cet.1 =990 ##$$a 160.646/Pb2003 =990 ##$$a DW00013823